|
|
|
|
| LEADER |
00000ny a22000003n 4500 |
| 005 |
2011052008558.0 |
| 008 |
080704s2006 sp s 000 0 spa c |
| 020 |
|
|
|a 9289499605
|
| 035 |
|
|
|a 2111
|
| 040 |
|
|
|a UMA.RE
|d vLex
|
| 080 |
|
|
|a 342.724(094)(4-672UE)(0.034)
|
| 090 |
|
|
|c 115
|d 115
|
| 245 |
0 |
0 |
|a Remedies and sanctions in EC non-discrimination law
|h [Recurso electrn̤ico]
|
| 256 |
|
|
|a Servicio en ln̕ea
|
| 260 |
|
|
|a [Luxemburgo] :
|b European Union Publications Office,
|c 2006
|
| 506 |
1 |
|
|a Contenido solo disponible en los productos indicados
|d vLex Global
|d vLex Global (Academic Edition, excluding Law Schools)
|d vLex Global (U.S. Academic Edition, Law Schools)
|d vLex Global (U.S. Academic Edition, excluding Law Schools)
|d vLex Global (Academic Edition, Law Schools)
|
| 650 |
0 |
4 |
|a Comunitario
|
| 710 |
1 |
|
|a Unin̤ Europea.
|b Oficina de Publicaciones Oficiales
|
| 740 |
0 |
|
|a vLex Libros (Servicios en ln̕ea)
|
| 856 |
4 |
0 |
|u http://vlex.com/source/2111
|z Acceso restringido
|
| 942 |
|
|
|c BOOK
|
| 999 |
0 |
4 |
|a Human rights--European Union countries
|b European Union countries
|
| 999 |
0 |
4 |
|a Discriminacin̤
|z Pas̕es de la Unin̤ Europea
|v En ln̕ea
|